000 00769nam a22002177a 4500
999 _c26200
_d26200
005 20190713155128.0
010 _aB-285026, B-217978
020 _a0143032712
_c350.00
020 _a9780143032717
_c350.00
035 _aB-285026, B-217959, B-217963, B-217963, B-217978, B-217975
035 _aB-217965
037 _bUBH (Vender)
082 _aN
100 _aNambisan, Kavery
245 _aThe hills of Angheri /
_cby Kavery Nambisan
260 _aNew Delhi
_bPenguin Books
_c2005
270 _a11 Community Centre, Panchsheel Park
_bNew Delhi
_e110017
300 _a392p.
_c20cm. (pbk)
942 _2ddc
_cEN
_hN
_mNAM